000 00720nam a2200265Ia 4500
005 20260302115658.0
008 008 260114s9999 xx 000 0 eng d
020 _a9781350160040
037 _aTextbook
040 _aCRL
040 _beng
040 _cCRL
041 _2eng
041 _aeng
084 _qCRL
100 _aD. Tran
_91122316
245 0 _aDecolonizing University Teaching and Learning An Entry Model for Grappling with Complexities
260 _bBloomsbury
260 _bBloomsbury Academic
260 _c2021
650 _aEducation
856 _uhttps://doi.org/10.5040/9781350160040?locatt=label:secondary_bloomsburyCollections
942 _cEBOOK
999 _c1687091
_d1687091